| 000 | 00978nam a2200205 a 4500 | ||
|---|---|---|---|
| 001 | 000038676 | ||
| 005 | 20240415140330.0 | ||
| 008 | 130417s2012 dr a 000 0 spa d | ||
| 040 |
_aDO-SdBNP _bspa _cBNPHU |
||
| 082 |
_a352 _bR426c |
||
| 110 | 1 |
_aPresidencia de la República. _bMinisterio de Administración Pública. _964994 |
|
| 245 | 1 | 0 | _aCompendio de las cartas iberoamericanas. |
| 260 |
_aSanto Domingo : _bMinisterio de Administración Pública (MAP), _c2012. |
||
| 300 |
_a118 p. : _bil. ; _c29 cm. |
||
| 505 | 0 |
_gPresentación -- _tCarta iberoamericana de función pública -- _tCarta iberoamericana de buen gobierno -- _tCarta iberoamericana de gobierno electrónico -- _tCarta iberoamericana de calidad en la gestión pública -- _tCarta iberoamericana de participación ciudadana en la gestión pública. |
|
| 590 | _aInventariado,2018/DG | ||
| 650 | 4 |
_aFunción pública _9659 |
|
| 650 | 0 |
_aAdministración pública _99266 |
|
| 910 | _aValidado. Control de calidad EMS | ||
| 999 |
_c38166 _d38166 |
||